01267nam a2200193Ia 4500001001100000003001000011008004100021040002500062041001600087100004500103245012000148250001100268260008500279300002800364500026200392501011400654520026200768650004301030A085-34606IT-CnALBA170116s9999||||xx |||||||||||||| ||und|| aIT-CnALBAcIT-CnALBA aPOLIGLOTTA  aBOSSUET JACQUES-BENIGNE VESCOVO DI MEAUX 0aOEUVRES DE MESSIRE JACQUE-BENIGNE BOSSUET. TOME II. PREFATIO IN LIBRUM SAPIENTIAE, LIBER SAPIENTIAE PRAEFACTIO IN.  a1a ed. a LIEGEbLIBRAIRES (LES) ASSOCIES c1766 [1° Ed.:1766 - Ed.Ling.Originale: 1766] a644 p. (prefazione: 12) aBIBLIOTECA CANONICO CHIESA. PREFAZIONE AL LIBRO DELLA SAPIENZA. LIBRO DELLA SAPIENZA. PREFAZIONE ALL'ECCLESIASTICO E LIBRO DELL'ECCLESIASTICO. SPIEGAZIONE DEL PROFETA ISAIA SULLA MATERNITÀ DELLA VERGINE. TRADUZIONE E SPIEGAZIONE DEL SALMO XXI. APOCALISSE. aSocietà San Paolo EM - Piazza San Paolo, 14 - 12051 ALBA (CN) (non commercial uses only) ® Copyright 2017 aBIBLIOTECA CANONICO CHIESA. PREFAZIONE AL LIBRO DELLA SAPIENZA. LIBRO DELLA SAPIENZA. PREFAZIONE ALL'ECCLESIASTICO E LIBRO DELL'ECCLESIASTICO. SPIEGAZIONE DEL PROFETA ISAIA SULLA MATERNITÀ DELLA VERGINE. TRADUZIONE E SPIEGAZIONE DEL SALMO XXI. APOCALISSE. aRACCOLTE DI CARATTERE GEN. IN ITALIANO